000 00967nam a2200205 4500
008 171116b xxu||||| |||| 00| 0 eng d
020 _a0-7619-8517-4
082 _21997
_aDC 345.072
_bD76a
100 _923408
_aDowdall, George W., author.
245 _aAdventures in criminal justice research :
_bdata analysis using SPSS for Windows /
_cGeorge W. Dowdall, Earl Babbie, Fred Halley.
260 _aThousand Oaks, Calif. :
_bPine Forge Press,
_c©1997.
300 _axvii, 364 pages :
_b illustrations ;
_c28 cm +
_e1 computer disk (3 1/2 in.).
500 _aIncludes bibliographical references (pages [357]-360) and index.
650 0 _923409
_aSPSS for Windows
650 0 _923410
_aCriminal justice, Administration of
_zStatistical methods -- Computer programs
650 0 _923411
_aCriminal justice, Administration of
_zResearch -- Computer programs
700 _923412
_aBabbie, Earl R., author.
700 _923413
_aHalley, Fred., author.
942 _2ddc
_cDC
999 _c7764
_d7764